[Event "Mittelrhein Verbandsliga-M 16/17"]
[Site "Nordrheinwestfalen"]
[Date "2017.04.30"]
[Round "11.5"]
[White "Esser, Michael"]
[Black "Kotarski, Mariusz"]
[Result "1-0"]
[WhiteElo "1982"]
[BlackElo "2072"]
[PlyCount "63"]
[EventDate "2016.09.11"]
[EventType "team-tourn"]
[EventRounds "11"]
[EventCountry "GER"]
[SourceTitle "EXT 2022"]
[Source "ChessBase"]
[SourceDate "2021.10.06"]
[SourceVersion "1"]
[SourceVersionDate "2021.10.06"]
[SourceQuality "1"]
[WhiteTeam "Leverkusen SC Bayer"]
[BlackTeam "Langenfeld II"]
[WhiteTeamCountry "GER"]
[BlackTeamCountry "GER"]

1. e4 e6 2. d4 d5 3. Nc3 Nf6 4. Bg5 Be7 5. e5 Nfd7 6. h4 h6 7. Be3 c5 8. Qg4 Bf8 9. Nf3 a6 10. h5 Nc6 11. 0-0-0 c4 12. Nh4 Ne7 13. f4 Nb6 14. Qf3 Nf5 15. Bf2 Be7 16. Nxf5 exf5 17. g3 Be6 18. Bh3 Qd7 19. Rdg1 g5 20. hxg6 fxg6 21. g4 fxg4 22. Bxg4 Bxg4 23. Rxg4 Kf7 24. Rhg1 Rag8 25. Be3 h5 26. e6+ Qxe6 27. f5 gxf5 28. Rxg8 Rxg8 29. Qxh5+ Rg6 30. Qh7+ Kf8 31. Qxg6 Qxe3+ 32. Kb1 1-0

[Event "BL2-West 0506"]
[Site "Germany"]
[Date "2006.04.02"]
[Round "9.7"]
[White "Brendel, Oliver"]
[Black "Kotarski, Mariusz"]
[Result "1-0"]
[WhiteElo "2352"]
[BlackElo "2146"]
[PlyCount "71"]
[EventDate "2005.10.23"]
[EventType "team-tourn"]
[EventRounds "9"]
[EventCountry "GER"]
[SourceTitle "EXT 2007"]
[Source "ChessBase"]
[SourceDate "2006.11.23"]
[SourceVersion "1"]
[SourceVersionDate "2006.11.23"]
[SourceQuality "1"]
[WhiteTeam "Hofheim"]
[BlackTeam "Gerresheim"]
[WhiteTeamCountry "GER"]
[BlackTeamCountry "GER"]

1. e4 e6 2. d4 d5 3. Nc3 Nf6 4. Bg5 Be7 5. e5 Nfd7 6. Bxe7 Qxe7 7. f4 a6 8. Nf3 c5 9. Qd2 Nc6 10. dxc5 Nxc5 11. 0-0-0 b5 12. Bd3 Bb7 13. Kb1 0-0-0 14. Qf2 Kb8 15. Nd4 Nxd4 16. Qxd4 Ne4 17. Bxe4 dxe4 18. Qe3 Rxd1+ 19. Rxd1 Rd8 20. Rxd8+ Qxd8 21. b3 h5 22. Nxe4 Bxe4 23. Qxe4 Qd7 24. h4 g6 25. Kb2 Qc7 26. a4 Ka7 27. Qd4+ Kb7 28. axb5 axb5 29. Qb4 Qd7 30. Qc5 Ka8 31. Qf8+ Kb7 32. Qc5 Ka8 33. Kc3 Qb7 34. Kb4 Qd7 35. Qd6 Qb7 36. Qd8+ 1-0

[Event "BL2-West 0506"]
[Site "Germany"]
[Date "2006.01.29"]
[Round "6.8"]
[White "Kotarski, Mariusz"]
[Black "Hengelbrock, Joachim"]
[Result "0-1"]
[WhiteElo "2146"]
[BlackElo "2319"]
[PlyCount "58"]
[EventDate "2005.10.23"]
[EventType "team-tourn"]
[EventRounds "9"]
[EventCountry "GER"]
[SourceTitle "EXT 2007"]
[Source "ChessBase"]
[SourceDate "2006.11.23"]
[SourceVersion "1"]
[SourceVersionDate "2006.11.23"]
[SourceQuality "1"]
[WhiteTeam "Gerresheim"]
[BlackTeam "Bochum 31"]
[WhiteTeamCountry "GER"]
[BlackTeamCountry "GER"]

1. d4 d6 2. e4 Nf6 3. f3 c5 4. c3 Nbd7 5. Be3 e6 6. Qd2 Be7 7. Bd3 0-0 8. Ne2 a6 9. a4 b6 10. 0-0 Bb7 11. Na3 Qc7 12. b4 Rfc8 13. g4 h6 14. Rac1 Qd8 15. Nb1 Bc6 16. Bc2 Nf8 17. Nf4 Qe8 18. bxc5 bxc5 19. Qd1 d5 20. e5 N6d7 21. Nd2 cxd4 22. cxd4 a5 23. Rb1 Rab8 24. Qe2 Nb6 25. Qa6 Bb4 26. Nd3 Bxd2 27. Bxd2 Nc4 28. Rxb8 Rxb8 29. Bc1 Ra8 0-1

[Event "BL2-West 0506"]
[Site "Germany"]
[Date "2005.12.11"]
[Round "4.8"]
[White "Kotarski, Mariusz"]
[Black "Schulz, Klaus Juergen"]
[Result "0-1"]
[WhiteElo "2146"]
[BlackElo "2397"]
[PlyCount "56"]
[EventDate "2005.10.23"]
[EventType "team-tourn"]
[EventRounds "9"]
[EventCountry "GER"]
[SourceTitle "EXT 2007"]
[Source "ChessBase"]
[SourceDate "2006.11.23"]
[SourceVersion "1"]
[SourceVersionDate "2006.11.23"]
[SourceQuality "1"]
[WhiteTeam "Gerresheim"]
[BlackTeam "Remagen"]
[WhiteTeamCountry "GER"]
[BlackTeamCountry "GER"]

1. d4 d5 2. c4 e6 3. Nf3 c6 4. Nc3 dxc4 5. a4 Bb4 6. g3 Nd7 7. e3 Ngf6 8. Bxc4 0-0 9. 0-0 Qe7 10. Qc2 e5 11. Re1 e4 12. Nd2 Nb6 13. Bf1 a5 14. Bg2 Bf5 15. Nf1 Rac8 16. Bd2 c5 17. dxc5 Rxc5 18. Rac1 Nc4 19. Qb1 Rd8 20. Rc2 Ne5 21. Rd1 Bg4 22. Nxe4 Nxe4 23. Bxe4 Rxc2 24. Qxc2 Bxd1 25. Qxd1 Bxd2 26. Nxd2 Qd6 27. Qh5 g6 28. Qg5 f6 0-1

[Event "NRW Class1 0405"]
[Site "Germany"]
[Date "2004.10.10"]
[Round "1.4"]
[White "Kotarski, Mariusz"]
[Black "Naiditsch, Irina"]
[Result "1/2-1/2"]
[WhiteElo "2111"]
[BlackElo "2141"]
[PlyCount "101"]
[EventDate "2004.10.10"]
[EventType "team"]
[EventRounds "9"]
[EventCountry "GER"]
[SourceTitle "EXT 2006"]
[Source "ChessBase"]
[SourceDate "2005.11.24"]
[SourceVersion "1"]
[SourceVersionDate "2005.11.24"]
[SourceQuality "1"]
[WhiteTeam "Gerresheim II"]
[BlackTeam "Brackel"]
[WhiteTeamCountry "GER"]
[BlackTeamCountry "GER"]

1. d4 d5 2. c4 c6 3. cxd5 cxd5 4. Nc3 e5 5. e4 dxe4 6. dxe5 Qa5 7. Qd4 Nc6 8. Qxe4 Bb4 9. Bd2 Nge7 10. Nf3 Bf5 11. Qf4 h6 12. h4 0-0-0 13. h5 Rxd2 14. Nxd2 Bxc3 15. bxc3 Qxc3 16. Rd1 Nd4 17. Bc4 Bd3 18. Bxd3 Qxd3 19. Rc1+ Nec6 20. Qe4 Qxe4+ 21. Nxe4 Kb8 22. Rd1 Ne6 23. Nd6 Nxe5 24. g3 f6 25. Nf5 Rc8 26. 0-0 a6 27. Rd6 Rc6 28. Rfd1 Kc7 29. f4 Nc4 30. Rd7+ Kb6 31. Rb1+ Kc5 32. Rdxb7 Nb6 33. Rd1 Nc4 34. Nxg7 Nd4 35. Rd7 Rd6 36. Rxd6 Nxd6 37. Kg2 a5 38. g4 Ne4 39. Rxd4 Kxd4 40. Nf5+ Kd5 41. Nxh6 Ke6 42. Nf5 Kf7 43. Nd4 Kg7 44. a4 Nc5 45. Nc6 Kh6 46. Nxa5 f5 47. g5+ Kxh5 48. Kf3 Nxa4 49. Nc6 Nc5 50. Ne7 Ne6 51. Nxf5 1/2-1/2

[Event "MK Cafe Cup-B"]
[Site "Koszalin"]
[Date "1998.??.??"]
[Round "4"]
[White "Kludacz, Magdalena"]
[Black "Kotarski, Mariusz"]
[Result "1-0"]
[WhiteElo "2230"]
[BlackElo "2100"]
[PlyCount "73"]
[EventDate "1998.08.??"]
[EventType "swiss"]
[EventRounds "10"]
[EventCountry "POL"]
[SourceTitle "EXT 1999"]
[Source "ChessBase"]
[SourceDate "1998.11.16"]
[SourceVersion "1"]
[SourceVersionDate "1998.11.16"]
[SourceQuality "1"]

1. d4 d5 2. c4 e6 3. Nc3 Nf6 4. cxd5 exd5 5. Bg5 Be7 6. Qc2 c6 7. e3 h6 8. Bh4 Bg4 9. Bd3 0-0 10. Nge2 Re8 11. f3 Bd7 12. 0-0 Na6 13. a3 Nc7 14. e4 c5 15. e5 Nh5 16. Bxe7 Qxe7 17. g4 Qg5 18. Qc1 cxd4 19. Nd1 Qxe5 20. gxh5 Ne6 21. f4 Qxh5 22. Ng3 Qh4 23. Nf5 Qh3 24. Qd2 Nc5 25. Nf2 Qf3 26. Nxd4 Qh5 27. Kh1 Ne4 28. Bxe4 dxe4 29. Qe3 Rad8 30. Rg1 Qc5 31. Rxg7+ Kxg7 32. Ne6+ Rxe6 33. Qxc5 e3 34. Rg1+ Kh8 35. Qd4+ f6 36. Ne4 Kh7 37. h4 1-0

[Event "Nachod op 4th"]
[Site "Nachod"]
[Date "1998.??.??"]
[Round "7"]
[White "Kotarski, Mariusz"]
[Black "Kacirek, Petr"]
[Result "0-1"]
[WhiteElo "2100"]
[BlackElo "2270"]
[PlyCount "70"]
[EventDate "1998.??.??"]
[EventType "swiss"]
[EventRounds "9"]
[EventCountry "CZE"]
[SourceTitle "EXT 2003"]
[Source "ChessBase"]
[SourceDate "2002.11.25"]
[SourceVersion "1"]
[SourceVersionDate "2002.11.25"]
[SourceQuality "1"]

1. d4 e6 2. e4 d5 3. Nc3 Bb4 4. e5 c5 5. a3 Bxc3+ 6. bxc3 Qc7 7. Qg4 f5 8. Bb5+ Nc6 9. Qh5+ g6 10. Qg5 Kf7 11. Ne2 Nxd4 12. cxd4 Qa5+ 13. Kd1 Qxb5 14. a4 Qc4 15. Qd8 b6 16. Re1 h6 17. Ba3 Qxa4 18. dxc5 Qd7 19. Qh4 Qc7 20. Nd4 bxc5 21. Nb5 Qa5 22. Nd6+ Kg7 23. Re3 Bd7 24. Rb1 Rh7 25. Rb7 Kh8 26. Rh3 Be8 27. Rxh7+ Kxh7 28. Qf4 Rb8 29. Bc1 Qa6 30. Ke1 Qc6 31. Rxh6+ Nxh6 32. Qxh6+ Kg8 33. Bg5 Rb1+ 34. Kd2 Qa4 35. Nxe8 Qd4+ 0-1